[Event "Lignano Sabbiadoro op 2nd"]
[Site "Lignano Sabbiadoro"]
[Date "2016.08.03"]
[Round "5"]
[White "Zuttioni, Federico"]
[Black "Lateana, Domenico"]
[Result "1/2-1/2"]
[WhiteElo "2171"]
[BlackElo "2002"]
[PlyCount "51"]
[EventDate "2016.07.31"]
[EventType "swiss"]
[EventRounds "9"]
[EventCountry "ITA"]
[SourceTitle "CBM 173 Extra"]
[Source "ChessBase"]
[SourceDate "2016.08.29"]
[SourceVersion "1"]
[SourceVersionDate "2016.08.29"]
[SourceQuality "1"]

1. e4 e5 2. Nf3 Nc6 3. Bb5 a6 4. Ba4 Nf6 5. 0-0 Be7 6. d3 b5 7. Bb3 0-0 8. Re1 d6 9. c3 Na5 10. Bc2 c5 11. Nbd2 Nc6 12. Nf1 Re8 13. a4 b4 14. Bg5 Nd7 15. Bxe7 Rxe7 16. d4 bxc3 17. bxc3 cxd4 18. cxd4 Nf6 19. h3 Rb8 20. Ne3 Rb4 21. dxe5 Nxe5 22. Nd4 Bb7 23. Ndf5 Rd7 24. Nd5 Bxd5 25. exd5 g6 26. Nxd6 1/2-1/2

[Event "Roseto op 5th"]
[Site "Roseto"]
[Date "2014.01.06"]
[Round "6"]
[White "Ciampi, Vincenzo"]
[Black "Lateana, Domenico"]
[Result "1/2-1/2"]
[WhiteElo "2102"]
[BlackElo "1966"]
[PlyCount "58"]
[EventDate "2014.01.03"]
[EventType "swiss"]
[EventRounds "7"]
[EventCountry "ITA"]
[SourceTitle "EXT 2015"]
[Source "ChessBase"]
[SourceDate "2014.11.20"]
[SourceVersion "1"]
[SourceVersionDate "2014.11.20"]
[SourceQuality "1"]

1. Nf3 Nf6 2. d4 e6 3. g3 b6 4. Bg2 Bb7 5. 0-0 Be7 6. c4 0-0 7. d5 exd5 8. Nh4 c6 9. cxd5 Nxd5 10. Nf5 Nc7 11. e4 d5 12. Nc3 Bf6 13. exd5 Nxd5 14. Ne4 Nd7 15. Qh5 Ne5 16. Rd1 Bc8 17. Ne3 Bb7 18. Nxd5 cxd5 19. Qf5 Re8 20. Bf4 Rc8 21. a4 Nc4 22. Bg5 Be7 23. b3 Nd6 24. Nxd6 Qxd6 25. Bxe7 Qxe7 26. Bxd5 Rc5 27. Qf3 Rxd5 28. Rxd5 Qe6 29. Rad1 g6 1/2-1/2

[Event "Roseto op 5th"]
[Site "Roseto"]
[Date "2014.01.04"]
[Round "3"]
[White "Lateana, Domenico"]
[Black "Pescatore, Lorenzo"]
[Result "1/2-1/2"]
[WhiteElo "1966"]
[BlackElo "2238"]
[PlyCount "104"]
[EventDate "2014.01.03"]
[EventType "swiss"]
[EventRounds "7"]
[EventCountry "ITA"]
[SourceTitle "EXT 2015"]
[Source "ChessBase"]
[SourceDate "2014.11.20"]
[SourceVersion "1"]
[SourceVersionDate "2014.11.20"]
[SourceQuality "1"]

1. c4 e5 2. Nc3 Bb4 3. Qc2 Ne7 4. a3 Bxc3 5. Qxc3 d6 6. g3 Nbc6 7. Bg2 a5 8. Nf3 0-0 9. 0-0 f5 10. d4 e4 11. Ng5 d5 12. f3 h6 13. Nh3 Be6 14. Nf4 Bf7 15. fxe4 fxe4 16. c5 g5 17. Nh3 Qd7 18. Be3 Be6 19. Nf2 Nf5 20. b3 Qg7 21. Rad1 h5 22. Nh3 Nxe3 23. Qxe3 Bxh3 24. Bxh3 Rxf1+ 25. Bxf1 b6 26. cxb6 cxb6 27. Bh3 g4 28. Bg2 Qf6 29. h3 Rc8 30. Kh2 Rf8 31. Rf1 Qg7 32. Rxf8+ Kxf8 33. Qf4+ Kg8 34. e3 gxh3 35. Bxh3 Ne7 36. Be6+ Kh8 37. Bf7 Ng6 38. Qf5 Nf8 39. Qxh5+ Nh7 40. Bxd5 Qf6 41. Kg2 Kg7 42. Bxe4 Ng5 43. Qg4 Qe7 44. Bf3 Qxe3 45. Qf4 Qxf4 46. gxf4 Ne6 47. d5 Nxf4+ 48. Kf2 Kf6 49. Ke3 Ke5 50. d6 Ne6 51. d7 Kd6 52. Bg4 Kxd7 1/2-1/2